Rupert St John Loftus-Brigham and another v Ealing LBC (Record no. 74205)

MARC details
000 -LEADER
fixed length control field 01503cab a2200181 4500
001 - CONTROL NUMBER
control field ##ABS67552
008 - FIXED-LENGTH DATA ELEMENTS--GENERAL INFORMATION
fixed length control field 040302n2004 000 0 eng u
035 ## - SYSTEM CONTROL NUMBER
System control number (Sirsi) u125285
245 00 - TITLE STATEMENT
Title Rupert St John Loftus-Brigham and another v Ealing LBC
260 ## - PUBLICATION, DISTRIBUTION, ETC.
Date of publication, distribution, etc. 2004
520 ## - SUMMARY, ETC.
Summary, etc. [2003] EWCA Civ 1490, 28 October 2003. Appeal against a county court decision which dismissed the claimant's claim for damages based on the allegation that E's tree roots were responsible for causing subsidence damages to claimant on the grounds that LB failed to prove that the trees were the dominant cause. The issues to be considered on appeal are i) what is the correct test if causation is to be established in a claim against a neighbouring tree owner in respect of subsidence arising from the extraction of moisture from the sub-soil and ii) did the judge apply that test or some other and different test. Causation in nuisance and in negligence discusses in paras 14-17 of the judgment. Paras 18-24 considers the basis of the judge's test in some depth. Appeal allowed. County Court decision is set aside. Action remitted to Central London County Court for a new hearing. View judgment at www.courtservice.gov.uk.
590 ## - LOCAL NOTE (RLIN)
Local note ABS
650 24 - SUBJECT ADDED ENTRY--TOPICAL TERM
Topical term or geographic name entry element LOFTUS-BRIGHAM AND ANOTHER V EALING LBC
651 #4 - SUBJECT ADDED ENTRY--GEOGRAPHIC NAME
Geographic name England and Wales
Chronological subdivision 1543-
690 ## - LOCAL SUBJECT ADDED ENTRY--TOPICAL TERM (OCLC, RLIN)
Topical term or geographic name as entry element Block management
9 (RLIN) 6220
856 40 - ELECTRONIC LOCATION AND ACCESS
Uniform Resource Identifier <a href="https://www.courtservice.gov.uk/judgmentsfiles/j2017/loftus-brigham.htm">https://www.courtservice.gov.uk/judgmentsfiles/j2017/loftus-brigham.htm</a>
Public note View judgment on the Court Service website...
942 ## - ADDED ENTRY ELEMENTS (KOHA)
Suppress in OPAC 0
Holdings
Withdrawn status Lost status Source of classification or shelving scheme Damaged status Not for loan Home library Current library Shelving location Date acquired Total Checkouts Full call number Barcode Date last seen Copy number Price effective from Koha item type
    Dewey Decimal Classification     Virtual Virtual Online 02/03/2004   ONLINE PUBLICATION 125285-3001 06/08/2019 1 06/08/2019 Law report